| 000 | 01187nam a22002177a 4500 | ||
|---|---|---|---|
| 008 | 250401e20250331xxk|||||o|||| 00| 0 eng d | ||
| 041 | _aeng | ||
| 110 | _aRoyal Institution of Chartered Surveyors | ||
| 245 |
_aDomestic air source heat pumps _ba consumer guide _h[Electronic resource] |
||
| 260 |
_aLondon, _bRoyal Institution of Chartered Surveyors, _cMarch 2025 |
||
| 490 | _aRICS Consumer Guide | ||
| 520 | _aWith the push to change from fossil fuel based heating, RICS has produced a consumer guide with the help a couple of building services engineers at Historic England. Feel free to share with your clients for impartial advice on the topic. It emphasises the role of a surveyor taking a whole-house approach, not the specifics of building services, to educate and inform clients about how retrofit changes to buildings can be managed. | ||
| 650 | _aENERGY | ||
| 650 | _aHEAT PUMPS | ||
| 650 | _aRESIDENTIAL PROPERTY | ||
| 651 | _aUnited Kingdom | ||
| 690 |
_aResidential property _96266 |
||
| 710 | _aRoyal Institution of Chartered Surveyors | ||
| 856 |
_uhttps://www.rics.org/consumer-guides/domestic-air-source-heat-pumps _zAvailable free on RICS.org |
||
| 942 | _n0 | ||
| 999 |
_c122132 _d122132 |
||